Algoritmy obnaruženija empiričeskich zakonomernostej

Enregistré dans:
Détails bibliographiques
Format: Livre
Langue:russe
Publié: Novosibirsk Nauka 1985
Édition:1. izd.
Tags: Ajouter un tag
Pas de tags, Soyez le premier à ajouter un tag!

MARC

LEADER 00000nam a2200000 4500
001 c028456
005 20260128070256.7
041 0 |a rus 
044 |a RU 
245 1 0 |a Algoritmy obnaruženija empiričeskich zakonomernostej  |c Nikolaj Grigor'jevič Zagorujko, Valentina Nikolajevna Jelking, Gennadij Sergejevič Lbov 
250 |a 1. izd. 
264 1 |a Novosibirsk  |b Nauka  |c 1985 
300 |a 107 s.